000 01040nam a22002897a 4500
999 _c6405
_d6405
005 20200127155239.0
008 200127b1997 us |||||r|||| 00| | spa d
020 _a0881134902
040 _aCO-JMCR
_cCO-JMCR
041 _aspa
_heng
082 _a248.4 /
_bC311d
100 1 _aCarr Peel, William,
_eautor
_955
245 _aDescubra su destino :
_bCómo hallar valor para correr tras sus sueños /
_cWilliam Carr Peel, Kathy Peel ; traductor Javier Quiñones
250 _a1ª impresión
260 _aNashville ;
_bCaribe,
_c1997
300 _a256 páginas;
_c20 cm.
500 _a"Cómo hallar valor para correr tras sus sueños" tapa
500 _aIncluye indice de notas páginas 253.
500 _aIncluye datos biográficos de los autores páginas 255-256.
546 _aTraducido del Inglés
650 1 7 _956
650 1 7 _957
700 1 _aCarr Peel, William
_958
700 1 _aPeel, Kathy
_959
700 1 _aQuiñones, Javier
_960